Rainfall simulation, runoff and soil erosion /

Bibliographic Details
Other Authors: Ploey, Jan de
Format: Book
Language:English
Published: Cremlingen : Catena Verlag, [1983]
Series:Catena supplement ; 4.
Subjects:

MARC

Tag First Indicator Second Indicator Subfields
LEADER 00000cam a2200000 a 4500
001 in00000009372
005 20151007051531.0
008 831028s1983 gw ab b 00000 eng d
020 |a 3923381034 (pbk.) 
035 |a (OCoLC)10070782 
035 |9 AAA3456AM 
040 |a GZN  |c GZN  |d AGL  |d m/c  |d TXA  |d UtOrBLW 
041 0 |a eng  |b fre  |b ger 
049 |a TXAM  |c [A12568061] 
050 4 |a QC925  |b .R32 1983 
070 0 |a QC925.R25 
245 0 0 |a Rainfall simulation, runoff and soil erosion /  |c Jan de Ploey (ed.). 
264 1 |a Cremlingen :  |b Catena Verlag,  |c [1983] 
300 |a 214 pages :  |b illustrations, maps ;  |c 24 cm. 
336 |a text  |b txt  |2 rdacontent 
337 |a unmediated  |b n  |2 rdamedia 
338 |a volume  |b nc  |2 rdacarrier 
490 1 |a Catena supplement,  |x 0722-0723 ;  |v 4 
500 |a Summaries in English, French or German. 
504 |a Includes bibliographies. 
650 0 |a Rainfall simulators. 
650 0 |a Runoff. 
650 0 |a Soil erosion. 
700 1 |a Ploey, Jan de. 
830 0 |a Catena supplement ;  |v 4. 
999 |a MARS 
999 f f |s 71edaeac-213e-3f68-a8fa-f536d3dbda5a  |i 5682dd20-e30c-3d23-8c53-1173c9092c0b  |t 0 
952 f f |p normal  |a Texas A&M University  |b College Station  |c Sterling C. Evans Library  |d Evans: Library Stacks  |t 0  |e QC925 .R32 1983  |h Library of Congress classification  |i unmediated -- volume  |m A14812568061 
998 f f |a QC925 .R32 1983  |t 0  |l Evans: Library Stacks